Statystyki dla Największe Miasta Łotwy

Kliknij tutaj aby rozwiązać quiz!

Ogólne statystyki

  • Ten quiz został rozwiązany 158 razy
  • Średni wynik to 3 z 7

Statystyki odpowiedzi

HintOdpowiedź% Poprawnych
605 338Ryga
92%
82 614Dyneburg
55%
68 945Lipawa
37%
27 820Rzeżyca
32%
55 972Jełgawa
26%
49 325Jurmała
23%
34 377Windawa
23%

Rozkład punktacji

Percentyl według liczby udzielonych odpowiedzi

Procent ludzi z każdym wynikiem

Twoja historia wyników

Nie rozwiązałeś tego quizu